000 00643nam a2200241Ia 4500
003 OSt
005 20230511145338.0
008 210423s2013 xx 000 0 und d
020 _a978-81-203-4492-1
040 _cAL
041 _aeng
082 _a338.09 PAIE
100 _aPAILWAR (Veena Keshav)
_9103410
245 _aEconomic environment of business Ed 3
250 _a3
260 _aNew Delhi
_bPHI Learning Pvt Ltd
_c2013
300 _axxiii,485p
_bPB
365 _b450
_cINR
650 _aEconomics
_9103411
650 _aProduction Economics
_9103412
906 _abusiness ; Economic ; Ed ; environment
942 _2ddc
_cBK
999 _c166049
_d166049